Pintura de Juan O´Gorman en la biblioteca ´Gertrudis Bocanegra´ de Pátzcuaro, Michoacán (Record no. 3864)

MARC details
000 -CABECERA
campo de control de longitud fija 00878nam a2200265 a 4500
001 - NÚMERO DE CONTROL
campo de control BRCA_4148
005 - FECHA Y HORA DE LA ÚLTIMA TRANSACCIÓN
campo de control 20190320204549.0
008 - DATOS DE LONGITUD FIJA--INFORMACIÓN GENERAL
campo de control de longitud fija 150410s1945----mx-a######---#000-0#spa-#
041 ## - CÓDIGO DE LENGUA
Código de lengua del texto/banda sonora o título independiente spa
044 ## - CÓDIGO DEL PAÍS DE LA ENTIDAD EDITORA/PRODUCTORA
Código MARC del país mx
050 #4 - SIGNATURA TOPOGRÁFICA DE LA BIBLIOTECA DEL CONGRESO
Número de clasificación ND259.O4
Número de documento/Ítem .C47 1 1945
100 1# - ENTRADA PRINCIPAL--NOMBRE DE PERSONA
Nombre de persona Cervantes, Enrique A.
Fechas asociadas al nombre 1935-
9 (RLIN) 10711
245 10 - MENCIÓN DE TÍTULO
Título Pintura de Juan O´Gorman en la biblioteca ´Gertrudis Bocanegra´ de Pátzcuaro, Michoacán
Mención de responsabilidad, etc. Enrique A. Cervantes.
260 ## - PUBLICACIÓN, DISTRIBUCIÓN, ETC.
Lugar de publicación, distribución, etc. México
Nombre del editor, distribuidor, etc. E. A. Cervantes
Fecha de publicación, distribución, etc. 1945
300 ## - DESCRIPCIÓN FÍSICA
Extensión 39 p.
Otras características físicas il.
Dimensiones 29 cm.
500 ## - NOTA GENERAL
Nota general Ejemplar numerado 464 de 1,000
500 ## - NOTA GENERAL
Nota general Ejemplar igual a D94
500 ## - NOTA GENERAL
Nota general C177
600 14 - PUNTO DE ACCESO ADICIONAL DE MATERIA--NOMBRE DE PERSONA
Nombre de persona O´Gorman, Juan
Fechas asociadas al nombre 1905-1982
9 (RLIN) 10712
610 24 - PUNTO DE ACCESO ADICIONAL DE MATERIA--NOMBRE DE ENTIDAD CORPORATIVA
Nombre de entidad corporativa o nombre de jurisdicción como elemento de entrada Biblioteca Gertrudis Bocanegra (Pátzcuaro, Michoacán)
9 (RLIN) 10713
650 14 - PUNTO DE ACCESO ADICIONAL DE MATERIA--TÉRMINO DE MATERIA
Término de materia o nombre geográfico como elemento de entrada Pintores mexicanos
9 (RLIN) 4220
651 #4 - PUNTO DE ACCESO ADICIONAL DE MATERIA--NOMBRE GEOGRÁFICO
Nombre geográfico Pátzcuaro, Michoacán
Subdivisión general Descripción
9 (RLIN) 10714
902 ## - CATALOGADOR
Iniciales GFM
942 ## - ELEMENTOS DE PUNTO DE ACCESO ADICIONAL (KOHA)
Fuente del sistema de clasificación o colocación Library of Congress Classification
Tipo de ítem Koha Libros
Holdings
Estado de retiro Estado de pérdida Estado dañado No para préstamo Localización permanente Ubicación/localización actual Fecha de adquisición Número de inventario Total de préstamos Signatura topográfica completa Código de barras Fecha visto por última vez Precio válido a partir de Tipo de ítem Koha
El ejemplar forma parte de la colección y puede ser consultado según las políticas vigentes.       Biblioteca del Museo Franz Mayer (Rogerio Casas-Alatriste) Biblioteca del Museo Franz Mayer (Rogerio Casas-Alatriste) 15/04/2010 C177   ND259.O4 .C47 1 1945 (C177) 4145 22/03/2019 22/03/2019 Libros